Inovácie vo vybranom podniku služieb bakalárska práca

Na minha lista:
Detalhes bibliográficos
Autor principal: Stachová, Lucia
Autor Corporativo: Obchodná fakulta EU. Katedra marketingu
Outros Autores: Popovičová, Dominika, 1997-
Formato: Livro
Idioma:eslovaco
Publicado em: Bratislava 2025
Tags: Adicionar Tag
Sem tags, seja o primeiro a adicionar uma tag!

MARC

LEADER 00000nbm a2200000 4500
001 0311111
005 20260216102130.8
041 0 |a slo 
044 |a SK 
245 1 0 |a Inovácie vo vybranom podniku služieb  |b bakalárska práca  |c Lucia Stachová ; školiteľ: Dominika Popovičová 
264 1 |a Bratislava  |c 2025 
300 |a 66 s. 
100 1 |a Stachová, Lucia 
700 1 |a Popovičová, Dominika, 1997- 
710 2 |a Obchodná fakulta EU. Katedra marketingu